000 01189nam a22002297a 4500
999 _c59832
_d59832
003 Ge_BSU
005 20230426122304.0
008 230426s2007ge xxu||||| |||| 00| 0 geo d
020 _a9789992882979
041 _ageo
080 _a902.2(479.222.1) მ-43
100 _aმახარაძე, გიორგი, ავტორი.
_917808
245 _aსაირხე = Sairkhe /
_c გიორგი მახარაძე, მანანა წერეთელი ; [რედ. ნინო ნადარაია,]
264 _aთბილისი,
_c2007.
300 _a115გვ. :
_bფოტოები, 38 ფერ. ტაბ. ;
_c28სმ.
653 _aარქეოლოგიური გათხრები იმერეთში.
653 _aარქეოლოგია
700 _aწერეთელი, მანანა
_917809
700 _aნადარაია, ნინო
_eრედაქტორი
_92397
710 _aეროვნ. მუზეუმი, შალვა ამირანაშვილის სახელ. ხელოვნების მუზეუმი.
_917810
942 _2udc
_cBK